1814 1524 1348 1269 1280 1893 1472 1546 1758 1501 1797 1186 1108 1987 1018 1671 1055 1408 1033 1899 1181 1933 1631 1505 1086 1941 1357 1826 1571 1798 1776 1421 1664 1234 1507 1011 1924 1342 1422 1944 1854 1392 1010 1677 1029 1171 1943 1637 1422 1304 1003 1619 1259 1482 1808 1190 1310 1872 1800 1904 1022 1635 1667 1572 1142 1019 1191 1073 1600 1133 1983 1068 1906 1614 1488 1535 1592 1476 1441 1349 1925 1730 1006 1567 1360 1013 1023 1635 1022 1634 1766 1021 1338 1617 1545 1363 1334 1585 1898 BCNSPRNW ULIB Ver.6.0+V

เปลี่ยนเป็นภาษาไทย

Change to English
 แสดงรายละเอียดบรรณานุกรม
  กลับหน้าหลัก

Brief Record : Get Marc (ISO 2709) : E-mail record : QR code < ปิดหน้าต่าง
LEADER : 00000nam 2200000uu 4500
001    13399127505
003     ULIB
008    200722s2555||||th 000 0 tha d
020    ^a9786167521961 :^c235 บาท
050    ^aนว.^bว816พ
100  0 ^aวีนัสยา
245  1 ^aพิษรักสิเน่หา /^cวีนัสยา
260    ^aกรุงเทพฯ :^bsimply book-love novels,^c2555
300    ^a336 หน้า
650    ^aนวนิยาย
945    ^p235^l0^i007107
999    ^aประนอม เกษจรัล
รายการนี้ยังไม่มีแท็ก
คุณยังไม่ได้ล็อกอิน คุณสามารถมีกิจกรรมร่วมกับเว็บไซต์ได้ แต่ต้องล็อกอินก่อน ::
  ล็อกอิน

รายการสื่อสารสนเทศ

ลำดับที่ ประเภท เลขเรียก/บาร์โค้ด สถานที่ สถานะ
1. นวนิยาย
นวนิยาย
นว. ว816พ ฉ.1 
  Barcode: 007107
ห้องสมุดวิทยาเขตสวรรค์ประชารักษ์
►หนังสือทั่วไป
บนชั้น

รายการใกล้เคียง
    หัวเรื่อง [นวนิยาย]

BibComment


ยังไม่เคยถูกคอมเมนท์

คอมเมนท์ทรัพยากรรายการนี้
  คอมเมนท์: พิษรักสิเน่หา ว..


 Copyright 2026. Bcnsprnw @Library